Îles les plus peuplées du monde - Extrême - Statistiques

Statistiques générales
  • Ce quiz a été pris 107 fois
  • Le résultat moyen est 19 sur 48
Statistiques - réponses
Population
Île
% Correct
25.6 Madagascar
80%
21.1 Hispaniola
79%
141.3 Java
77%
21.2 Sri Lanka
76%
5.0 Sicile
75%
21.3 Bornéo
72%
11.2 Cuba
72%
5.4 Hokkaidō
72%
1.6 Sardaigne
72%
23.5 Taïwan
71%
6.6 Irlande
69%
50.2 Sumatra
69%
62.6 Grande-Bretagne
68%
104.0 Honshū
64%
13.2 Kyūshū
59%
11.9 Nouvelle-Guinée
57%
2.7 Jamaïque
55%
53.3 Luçon
53%
2.9 Bali
52%
1.3 Chypre
47%
4.2 Shikoku
47%
2.8 Île du Nord
41%
5.6 Palau Ujong
41%
3.9 Porto Rico
39%
9.0 Hainan
37%
1.1 Île Maurice
37%
21.9 Mindanao
37%
1.2 Okinawa
35%
2.2 Timor
35%
18.5 Célèbes
29%
1.0 Trinité
27%
1.2 Hong Kong
25%
3.1 Cebu
23%
1.5 Manhattan
20%
2.1 Seeland
16%
1.8 Florès
15%
7.8 Long Island
15%
1.8 Île de Montréal
13%
2.3 Zhongchan Dao
13%
3.7 Negros
11%
2.7 Lombok
9%
3.5 Panay
9%
1.8 Leyte
5%
3.1 Madura
5%
1.4 Samar
5%
15.1 Salsette
3%
1.7 Dakhin Shahbazpur
0%
1.2 Île de São Luis
0%
Aucun quiz correspondant
Distribution des résultats
% des personnes avec chaque résultat
Percentile par nombre de réponses
Votre historique - résultats
Vous n’avez pas pris ce quiz